00525nam a2200145Ia 4500008004100000082002200041100002600063245002900089260002900118630003500147650005300182942000900235952011800244999001700362211118s9999||||xx |||||||||||||| ||und|| a894.812 3 bKUN-J aKunhabdulla, Punathil 0aJoothanmaarude Smasaanam bDC BooksaKottayamc1984 xMalayalam FictionGeneral Stack aMalayalam LiteratuireMalayalam NovelsvMalayalam cBOOK 00104070aSBCLbSBCLc2d2021-11-18g8.00l0o894.812 3 KUN-Jp00103614r2021-11-18 00:00:00w2021-11-18yBOOK c98224d98224